Statistiken für Bundesliga Clubs erraten #2

Klicken Sie hier um das Quiz zu spielen!

Allgemein

  • Dieses Quiz wurde 39 mal gespielt
    (38 seit der letzten Aktualisierung)
  • Das Durchschnittsergebnis liegt bei 6 aus 9

Antwortstatistiken

Fußball-Club% Korrekt
1. FC Köln
91%
RB Leipzig
91%
VfL Wolfsburg
82%
1. FSV Mainz 05
76%
FC Bayern München
74%
SV Werder Bremen
65%
TSG 1899 Hoffenheim
62%
1. FC Union Berlin
56%
FC Augsburg 1907
35%

Verteilung der Resultate

Perzentil nach korrekt beantworteten Fragen

Anzahl Personen mit jedem Resultat

Ihre Resultats-Entwicklung

Sie haben dieses Quiz seit der letzten Aktualisierung nicht gespielt